00299nam a2200121Ia 45000030006000000080041000060400015000471000012000622450050000742600024001245460012001480050017001600STCL150530s9999 xx 000 0 und d aSTCLcSTCL aGrahame aGolden age dream days the wind in the willows bPenguin booksc1983 aEnglish20220125171048.0